Statistiques concernant Quiz sur Tenerife

Cliquez ici pour prendre le quiz!

Statistiques générales

  • Ce quiz a été pris 7 fois
  • Le résultat moyen est 13 sur 31

Statistiques - réponses

Réponse% Correct
El Teide
71%
Santa Cruz de Tenerife
71%
Carnaval
57%
Loro parque
57%
Los gigantes
57%
Siam Park
57%
Carne de cabra/Chevre/Cabra
43%
CD Tenerife/CDT
43%
Icod de los Vinos
43%
La Laguna
43%
La Orotava
43%
Las americas
43%
Masca
43%
Nico Paz
43%
Pedri
43%
Pedro
43%
Piscine naturelle/Charco
43%
Platanes/Bananes
43%
Puerto de la cruz
43%
Teno
43%
Balcones/Balcons/Casa de los Balcones
29%
Benijo
29%
Buenavista del Norte
29%
Churros de pescado
29%
Corpus Christi
29%
Drago
29%
El Medano/ Montana Roja
29%
Garachico
29%
Guachinche
29%
Guanche
29%
Las Teresitas
29%

Distribution des résultats

Percentile par nombre de réponses

% des personnes avec chaque résultat

Votre développement - résultats

Vous n’avez pas pris ce quiz